Equipes et joueurs Worlds LoL 2024 - FR - Statistiques

Statistiques générales
  • Ce quiz a été pris 41 fois
  • Le résultat moyen est 54 sur 121
Statistiques - réponses
Seed Team % Correct
LCK #4 Mid Faker
100%
LCK #4 Support Keria
97%
LPL #1 Support ON
97%
LCK #4 Jungle Oner
97%
LCK #4 ADC Gumayusi
91%
LCK #4 Team T1
91%
LCK #4 Top Zeus
91%
LCK #2 Team GEN - Gen.G
88%
LCK #2 Mid Chovy
85%
LCK #2 Top Kiin
85%
LCK #2 Jungle Canyon
82%
LEC #1 Mid Caps
82%
LCK #1 Top Doran
82%
LCK #1 Team HLE - Hanwha Life Esports
82%
LEC #2 Team FNC - Fnatic
79%
LCK #1 ADC Viper
79%
LPL #1 Top Bin
76%
LPL #1 Team BLG - Bilibili Gaming
76%
LEC #1 Team G2
76%
LCK #1 Mid Zeka
76%
LEC #1 Top BrokenBlade
74%
LCK #3 Team DK - Dplus KIA
74%
LEC #1 ADC Hans Sama
74%
LEC #2 Mid Humanoid
74%
LCK #1 Jungle Peanut
74%
LCK #3 Mid ShowMaker
74%
LEC #1 Jungle Yike
74%
LCS #1 Team FLY - FlyQuest
71%
LCK #2 Support Lehends
71%
LCK #2 ADC Peyz
71%
LEC #2 Jungle Razork
71%
LCS #1 Top Bwipo
68%
LCK #1 Support Delight
68%
LPL #1 Mid knight
68%
LEC #3 Team MAD - MAD Lions KOI
68%
LEC #1 Support Mikyx
68%
LEC #2 Top Oscarinin
68%
LPL #1 ADC Elk
65%
LCS #1 Jungle Inspired
65%
LPL #2 Team TES - Top Esports
65%
LEC #3 Support Alvaro
62%
LEC #3 Jungle Elyoya
62%
LEC #2 Support Jun
62%
LEC #2 ADC Noah
62%
LCS #2 Team TL - Team Liquid
62%
LEC #3 ADC Supa
59%
LPL #4 Team WBG - Weibo Gaming
59%
LPL #1 Jungle Wei
59%
LPL #2 Top 369
53%
LPL #2 Mid Creme
53%
LEC #3 Mid Fresskowy
53%
LCS #1 ADC Massu
53%
PCS #1 Team PSG - PSG Talon
53%
LCK #3 ADC Aiming
50%
LCS #1 Support Busio
50%
LPL #2 ADC JackeyLove
50%
LPL #3 Team LNG - LNG Esports
50%
LPL #1 Jungle XUN
50%
VCS #1 Team GAM - GAM Esports
47%
LCS #1 Mid Quad
47%
LPL #3 Mid Scout
47%
LCS #2 Mid APA
44%
LCS #2 Top Impact
44%
LCK #3 Jungle Lucid
44%
LPL #2 Support Meiko
44%
LEC #3 Top Myrwn
44%
LPL #4 Jungle Tarzan
44%
LCS #3 Team 100 - 100 Thieves
41%
LPL #3 ADC GALA
41%
LPL #4 Mid Xiaohu
41%
LCS #2 Support CoreJJ
38%
PCS #1 Mid Maple
38%
LPL #3 Jungle Weiwei
38%
LPL #4 Support Crisp
35%
LPL #3 Support Hang
32%
LPL #4 ADC Light
32%
LCS #3 Mid Quid
29%
LPL #2 Jungle Tian
29%
LPL #3 Top Zika
29%
PCS #1 Jungle JunJia
24%
LCK #3 Top Kingen
24%
VCS #1 Jungle Levi
24%
VCS #2 ADC Shogun
24%
LPL #4 Top Breathe
21%
LCS #2 Jungle UmTi
21%
PCS #1 ADC Betty
18%
LCK #3 Support Moham
18%
CBLOL #1 Team PNG - paiN Gaming
18%
VCS #2 Team VKE - Vikings Esports
18%
PCS #1 Support Woody
18%
LCS #2 ADC Yeon
18%
PCS #1 Top Azhi
15%
VCS #1 Mid Emo
15%
VCS #1 Top Kiaya
15%
LCS #3 Jungle River
12%
VCS #2 Support Bie
9%
VCS #1 ADC EasyLove
9%
LCS #3 Support Eyla
9%
LLA #1 Team R7 - Movistar R7
9%
LCS #3 Top Sniper
9%
CBLOL #1 ADC TitaN
9%
VCS #1 Support Elio
6%
CBLOL #1 Support Kuri
6%
LLA #1 Top Summit
6%
LLA #1 ADC Ceo
3%
PCS #2 Mid DasheR
3%
CBLOL #1 Mid dyNquedo
3%
PCS #2 Top Evi
3%
PCS #2 Jungle Forest
3%
VCS #2 Jungle Gury
3%
VCS #2 Mid Kati
3%
LLA #1 Support Lyonz
3%
PCS #2 ADC Marble
3%
LLA #1 Jungle Oddie
3%
PCS #2 Team SHG - Fukuoka SoftBank HAWKS gaming
3%
LCS #3 ADC Tomo
3%
CBLOL #1 Jungle CarioK
0%
LLA #1 Mid Keine
0%
VCS #2 Top Nanaue
0%
PCS #2 Support Vsta
0%
CBLOL #1 Top Wizer
0%
Aucun quiz correspondant
Distribution des résultats
% des personnes avec chaque résultat
Percentile par nombre de réponses
Votre historique - résultats
Vous n’avez pas pris ce quiz